Medzinárodná vedecká konferencia "Nové trendy v marketingu" Úloha marketingu v čase hospodárskej krízy

Informácia o konaní medzinárodnej vedeckej konferencie s názvom "Nové trendy v marketingu". Konferencia sa konala v dňoch 3. a 4.11.2009 na Smolenickom zámku pod záštitou Fakulty masmediálnej komunikácie Univerzity sv. Cyrila a Metoda v Trnave. Hlavným cieľom konferencie bolo poukázať na nové trendy...

Celý popis

Uložené v:
Podrobná bibliografia
Hlavný autor: Gertler, Ľubomíra, 1977-
Médium: Kapitola
Jazyk:Slovak
Predmet:
Tagy: Pridať tag
Žiadne tagy, Buďte prvý, kto otaguje tento záznam!

MARC

LEADER 00000naa$a2200000$$$4500
001 0111549
005 20240502083257.7
041 0 |a slo 
044 |a CZ 
245 1 0 |a Medzinárodná vedecká konferencia "Nové trendy v marketingu"  |b Úloha marketingu v čase hospodárskej krízy  |c Ľubomíra Gertler 
520 |a Informácia o konaní medzinárodnej vedeckej konferencie s názvom "Nové trendy v marketingu". Konferencia sa konala v dňoch 3. a 4.11.2009 na Smolenickom zámku pod záštitou Fakulty masmediálnej komunikácie Univerzity sv. Cyrila a Metoda v Trnave. Hlavným cieľom konferencie bolo poukázať na nové trendy v marketingu, jeho úlohy v čase hospodárskej krízy a poukázať na zmeny, ktoré teóriu a najmä prax v tejto oblasti po odznení globálnej krízy čakajú. 
610 2 0 |a veda 
610 2 0 |a konferencie 
610 2 0 |a vzdelávanie vysokoškolské 
610 2 0 |a marketing 
610 2 0 |a univerzity 
100 1 |a Gertler, Ľubomíra, 1977-